Buts et methodes du droit compare
Salvato in:
| Natura: | Libro |
|---|---|
| Lingua: | spagnolo inglese francese tedesco italiano |
| Pubblicazione: |
Padua
Cedam
1973
|
| Serie: | Inchieste di Diritto Comparato, 2
|
| Soggetti: | |
| Tags: |
Aggiungi Tag
Nessun Tag, puoi essere il primo ad aggiungerne!!
|
MARC
| LEADER | 00000nam a2200000 a 4500 | ||
|---|---|---|---|
| 001 | UCO9922 | ||
| 003 | CL-VaPUC | ||
| 008 | 010316e19730000IT |||||||||||||||||spa|d | ||
| 041 | 0 | 7 | |a spa |2 CL-VaPUC |
| 041 | 0 | 7 | |a eng |2 CL-VaPUC |
| 041 | 0 | 7 | |a fre |2 CL-VaPUC |
| 041 | 0 | 7 | |a ger |2 CL-VaPUC |
| 041 | 0 | 7 | |a ita |2 CL-VaPUC |
| 082 | 0 | 4 | |a 340.2 |b BUT |2 21 |
| 245 | 1 | 0 | |a Buts et methodes du droit compare |
| 246 | 1 | 0 | |a Scopi e metodi del diritto comparato |
| 246 | 1 | 0 | |a Aims and methods of comparative law |
| 246 | 1 | 0 | |a Fines y metodos del derecho compararado |
| 246 | 1 | 0 | |a Ziele und methoden der rechtsvergleichung |
| 300 | |a 762 p | ||
| 942 | |c BK | ||
| 945 | |d 20010316 00:00:00 |a vberengu | ||
| 260 | |a Padua |b Cedam |c 1973 | ||
| 650 | 0 | |a Derecho comparado |9 255664 | |
| 650 | 0 | |a Derecho común |9 376758 | |
| 583 | |a last modification |c 20010316 00:00:00 |k Rodrigo Vera | ||
| 490 | 0 | |a Inchieste di Diritto Comparato, 2 | |
| 999 | |c 293937 |d 293935 | ||
| 952 | |0 0 |1 0 |4 0 |6 340_200000000000000_BUT_1973 |7 0 |8 A |9 345724 |a BIBDER |b BIBDER |d 2019-11-20 |i 3479366 |o 340.2 BUT 1973 |p 3479366 |r 2023-01-25 |w 2019-11-20 |y BK |k DER | ||